000
00298 a2200145 4500
001
166884
020
_a
040
_c
Magnum
100
_a
Slade, Peter
240
1
0
_a
O jogo dramatico infantil
_l
por
245
1
0
_a
O jogo dramatico infantil
362
0
_a
1899
697
_a
TEATRO
942
_c
BK
999
_c
166884
_d
166884